000 00477 a2200181 4500
999 _c532067
_d532067
001 92385
003 NUST
005 20191107121407.0
008 191107b ||||| |||| 00| 0 eng d
038 _aMSOHAIL
082 _a355 SID
100 _aSalik Siddique
_91898
245 _aSalute; askari zindagi ke mah wa saal
_cSalik Sidique
260 _aLahore
_bAl-Faisal
_c2012
300 _a208 p.
610 _asaluet-militray life
_91899
942 _aNUST-CAE
_k355 SID
_2ddc
_cBK